[Event "Grande Prairie Trumpeter op"]
[White "Wong, Ford"]
[Black "Stone, Stephen"]
[Site "Grande Prairie"]
[Round "4"]
[Result "0-1"]
[Date "2008.01.27"]
[WhiteElo "1783"]
[BlackElo "1408"]
[PlyCount "102"]
[EventDate "2008.01.26"]
[EventType "swiss"]
[EventRounds "5"]
[EventCountry "CAN"]
[SourceTitle "EXT 2011"]
[Source "ChessBase"]
[SourceDate "2010.11.26"]
[SourceVersion "1"]
[SourceVersionDate "2010.11.26"]
[SourceQuality "1"]

1. d4 g6 2. c4 Bg7 3. Nc3 d6 4. e4 Nf6 5. f3 0-0 6. Be3 b6 7. Bd3 Bb7 8. Nge2 Nbd7 9. Qd2 c5 10. d5 Ne5 11. h3 Nxd3+ 12. Qxd3 Nd7 13. f4 Ba6 14. 0-0 Qc7 15. a4 Rfe8 16. Ra2 Rad8 17. Nb5 Qb8 18. Nec3 Bc8 19. b3 Nf8 20. Raf2 a6 21. Na3 e6 22. Nc2 exd5 23. Nxd5 f5 24. exf5 Bxf5 25. Qd2 Nd7 26. g4 Be4 27. f5 gxf5 28. gxf5 Nf6 29. Bg5 Bxd5 30. Bxf6 Bxf6 31. Qxd5+ Kh8 32. Rd1 Rg8+ 33. Rg2 Be5 34. Ne1 Rdf8 35. Nf3 Rxg2+ 36. Kxg2 Rxf5 37. Nxe5 dxe5 38. Qd8+ Qxd8 39. Rxd8+ Kg7 40. Rd6 Rf6 41. Rd5 Re6 42. Rd7+ Kg6 43. a5 bxa5 44. Rc7 Kf5 45. Rxc5 Kf4 46. Rxa5 Ke3 47. Rd5 Ke2 48. c5 Rg6+ 49. Kh2 e4 50. Rd6 Rg8 51. Rxa6 e3 0-1